[Event "Birmingham 4NCL op-B 7th"]
[Site "Birmingham"]
[Date "2016.01.30"]
[Round "3"]
[White "Lavelle, Terry WT"]
[Black "Price, Andrew"]
[Result "1/2-1/2"]
[WhiteElo "1565"]
[BlackElo "1841"]
[PlyCount "33"]
[EventDate "2016.01.29"]
[EventType "swiss"]
[EventRounds "5"]
[EventCountry "ENG"]
[SourceTitle "CBM 170 Extra"]
[Source "ChessBase"]
[SourceDate "2016.02.25"]
[SourceVersion "1"]
[SourceVersionDate "2016.02.25"]
[SourceQuality "1"]

1. e4 c5 2. Nc3 Nc6 3. g3 e5 4. Bg2 d6 5. f4 Nf6 6. f5 Bd7 7. Nh3 Qb6 8. b3 Nd4 9. Nf2 h5 10. Ne2 g6 11. c3 Nxe2 12. Qxe2 gxf5 13. Rf1 Bg7 14. exf5 Bc6 15. Ne4 Nxe4 16. Bxe4 Bf6 17. h3 1/2-1/2

[Event "Birmingham 4NCL op-B 1st"]
[Site "Birmingham"]
[Date "2015.01.30"]
[Round "1"]
[White "Lavelle, Terry WT"]
[Black "Jackson, Gary"]
[Result "0-1"]
[WhiteElo "1555"]
[BlackElo "1850"]
[PlyCount "92"]
[EventDate "2015.01.30"]
[EventType "swiss"]
[EventRounds "5"]
[EventCountry "ENG"]
[SourceTitle "EXT 2023"]
[Source "ChessBase"]
[SourceDate "2022.10.05"]
[SourceVersion "1"]
[SourceVersionDate "2022.10.05"]
[SourceQuality "1"]

1. e4 c5 2. Nc3 d6 3. g3 Nc6 4. Bg2 g6 5. d3 Bg7 6. Be3 Nf6 7. Nge2 Rb8 8. a4 a6 9. 0-0 0-0 10. Qc1 Re8 11. Nf4 e6 12. Nd1 b5 13. axb5 axb5 14. c3 b4 15. Bd2 Nd7 16. Ne3 Na5 17. Qd1 Ne5 18. Qa4 bxc3 19. bxc3 Nb3 20. Rfd1 Nxa1 21. Rxa1 Bd7 22. Qd1 Qb6 23. Bf1 Qb2 24. Nfg2 Nf3+ 25. Qxf3 Qxd2 26. Nc4 Qxc3 27. Nxd6 Rf8 28. Ra7 Rbd8 29. Ne3 Be5 30. Nec4 Bxd6 31. Nxd6 Qe5 32. Nc4 Qd4 33. Rc7 Bb5 34. Qe3 Bxc4 35. Qxd4 cxd4 36. Rxc4 e5 37. Kg2 Rc8 38. Rxc8 Rxc8 39. Kf3 Rc2 40. g4 f6 41. h4 h6 42. Be2 Kf7 43. Bf1 Ke7 44. Be2 Kd6 45. Bf1 Kc5 46. Kg3 Kb4 0-1

[Event "Sunningdale e2e4 op U1800 05"]
[Site "Sunningdale"]
[Date "2013.05.27"]
[Round "7"]
[White "Bullock, Lee"]
[Black "Lavelle, Terry WT"]
[Result "1/2-1/2"]
[WhiteElo "1449"]
[BlackElo "1562"]
[PlyCount "35"]
[EventDate "2013.05.25"]
[EventType "swiss"]
[EventRounds "7"]
[EventCountry "ENG"]
[SourceTitle "EXT 2014"]
[Source "ChessBase"]
[SourceDate "2013.11.20"]
[SourceVersion "1"]
[SourceVersionDate "2013.11.20"]
[SourceQuality "1"]

1. Nf3 Nf6 2. c4 c5 3. d4 d5 4. Nc3 e6 5. Bg5 cxd4 6. Nxd4 Be7 7. Bf4 Bd6 8. cxd5 Nxd5 9. Nxd5 Bxf4 10. Nxf4 e5 11. e3 Qa5+ 12. Qd2 Qxd2+ 13. Kxd2 exf4 14. exf4 0-0 15. Rc1 Rd8 16. Ke1 Re8+ 17. Be2 b6 18. Kf1 1/2-1/2

[Event "Sunningdale e2e4 op U1800 05"]
[Site "Sunningdale"]
[Date "2013.05.27"]
[Round "6"]
[White "Lavelle, Terry WT"]
[Black "Zhang, Harvey Y"]
[Result "0-1"]
[WhiteElo "1562"]
[BlackElo "1313"]
[PlyCount "162"]
[EventDate "2013.05.25"]
[EventType "swiss"]
[EventRounds "7"]
[EventCountry "ENG"]
[SourceTitle "EXT 2014"]
[Source "ChessBase"]
[SourceDate "2013.11.20"]
[SourceVersion "1"]
[SourceVersionDate "2013.11.20"]
[SourceQuality "1"]

1. e4 c5 2. Nc3 Nc6 3. g3 g6 4. Bg2 Bg7 5. d3 e6 6. Nge2 Nge7 7. 0-0 0-0 8. f4 d5 9. e5 f6 10. exf6 Bxf6 11. Bd2 Bd7 12. Rb1 a6 13. a3 b5 14. b4 Qb6 15. Kh1 c4 16. dxc4 bxc4 17. Na4 Qc7 18. Be3 Nxb4 19. Nb6 Nbc6 20. Nxa8 Rxa8 21. Re1 Nf5 22. Bf2 Qa5 23. Qc1 Be7 24. Rb7 Bc8 25. Rxe7 Nfxe7 26. Qb2 Qd8 27. Qf6 Qf8 28. Qg5 Qf5 29. Qh6 Qf8 30. Qg5 h6 31. Qh4 Kg7 32. Nd4 Qf6 33. Qxf6+ Kxf6 34. Bh3 Nxd4 35. Bxd4+ Kf7 36. Rb1 Nf5 37. Be5 Bd7 38. Rb7 Ke7 39. Bxf5 exf5 40. c3 Ke6 41. Rb6+ Kf7 42. Rf6+ Ke7 43. Rxg6 Be6 44. Rxh6 Rd8 45. Rh7+ Bf7 46. Rh6 Kd7 47. Rxa6 Rc8 48. a4 Rc5 49. Bd4 Rc8 50. a5 Rb8 51. Rb6 Re8 52. a6 Bh5 53. Be5 Ra8 54. Kg2 Ke7 55. Kf2 Be8 56. Ke3 Bd7 57. Kd4 Bc8 58. Kxd5 Bxa6 59. Re6+ Kd7 60. Rf6 Ke7 61. Rxf5 Rd8+ 62. Ke4 Bb7+ 63. Ke3 Rd3+ 64. Kf2 Rd2+ 65. Ke3 Rd3+ 66. Kf2 Rd2+ 67. Ke1 Rxh2 68. Bd4 Rh1+ 69. Kf2 Rh2+ 70. Ke3 Bg2 71. Rg5 Ba8 72. Be5 Ke6 73. Kd4 Ra2 74. Kc5 Be4 75. Kxc4 Bd5+ 76. Kc5 Be4 77. Bd4 Bd3 78. Re5+ Kd7 79. Re3 Bf1 80. g4 Rb2 81. f5 Rb5# 0-1

[Event "Sunningdale e2e4 op U1800 05"]
[Site "Sunningdale"]
[Date "2013.05.26"]
[Round "5"]
[White "Carr, John W"]
[Black "Lavelle, Terry WT"]
[Result "1/2-1/2"]
[WhiteElo "1417"]
[BlackElo "1562"]
[PlyCount "42"]
[EventDate "2013.05.25"]
[EventType "swiss"]
[EventRounds "7"]
[EventCountry "ENG"]
[SourceTitle "EXT 2014"]
[Source "ChessBase"]
[SourceDate "2013.11.20"]
[SourceVersion "1"]
[SourceVersionDate "2013.11.20"]
[SourceQuality "1"]

1. e4 c5 2. Nf3 Nc6 3. Be2 d6 4. 0-0 g6 5. Nc3 Bg7 6. d3 Nf6 7. Bg5 h6 8. Bd2 Be6 9. Qc1 a6 10. Nd1 b5 11. Re1 Ng4 12. Ne3 Nge5 13. c3 Rc8 14. Nf1 Qd7 15. Qd1 Nxf3+ 16. Bxf3 Ne5 17. Be2 0-0 18. Ne3 Qb7 19. f3 Rc7 20. Qc1 f5 21. Rf1 f4 1/2-1/2

[Event "BCF-chT3 1213 (4NCL)"]
[Site "England"]
[Date "2013.05.04"]
[Round "9.247"]
[White "Rumsey, Victor B"]
[Black "Lavelle, Terry WT"]
[Result "1/2-1/2"]
[WhiteElo "1885"]
[BlackElo "1562"]
[PlyCount "58"]
[EventDate "2012.11.03"]
[EventType "team-swiss"]
[EventRounds "11"]
[EventCountry "ENG"]
[SourceTitle "EXT 2014"]
[Source "ChessBase"]
[SourceDate "2013.11.20"]
[SourceVersion "1"]
[SourceVersionDate "2013.11.20"]
[SourceQuality "1"]
[WhiteTeam "Celtic Tigers II"]
[BlackTeam "e2e4.org.uk V"]
[WhiteTeamCountry "ENG"]
[BlackTeamCountry "ENG"]

1. d4 d5 2. c4 e6 3. Nf3 c5 4. cxd5 exd5 5. g3 Nc6 6. Bg2 Nf6 7. 0-0 Be7 8. Nc3 0-0 9. dxc5 Bxc5 10. a3 Be6 11. b4 Be7 12. Bb2 Rc8 13. Rc1 Qd7 14. e3 Rfd8 15. Nd4 Bh3 16. Nxc6 bxc6 17. Na4 Bxg2 18. Kxg2 Ne4 19. Bd4 Ng5 20. Nc5 Qh3+ 21. Kg1 Rd6 22. f4 Rh6 23. Rf2 Bxc5 24. Rxc5 Ne4 25. Rcc2 Nxf2 26. Rxf2 Qd7 27. Qa4 Rc7 28. Rc2 Qg4 29. Rf2 Qd7 1/2-1/2

[Event "Brighton e2e4 Major"]
[Site "Brighton"]
[Date "2013.02.17"]
[Round "2"]
[White "O'Gorman, Brendan"]
[Black "Lavelle, Terry WT"]
[Result "1/2-1/2"]
[WhiteElo "1785"]
[BlackElo "1558"]
[PlyCount "84"]
[EventDate "2013.02.16"]
[EventType "swiss"]
[EventRounds "9"]
[EventCountry "ENG"]
[SourceTitle "EXT 2014"]
[Source "ChessBase"]
[SourceDate "2013.11.20"]
[SourceVersion "1"]
[SourceVersionDate "2013.11.20"]
[SourceQuality "1"]

1. d4 d5 2. Nf3 e6 3. g3 c5 4. Bg2 Nc6 5. 0-0 Nf6 6. c4 Be7 7. cxd5 exd5 8. Nc3 Be6 9. dxc5 Bxc5 10. Na4 Be7 11. Be3 Qa5 12. Rc1 Ne4 13. a3 0-0 14. Nd4 Nxd4 15. Bxd4 Rac8 16. Nc3 Nxc3 17. Bxc3 Qb5 18. Qd2 Rfd8 19. Bd4 b6 20. e3 Bc5 21. Rfd1 Qd7 22. b4 Be7 23. Rxc8 Rxc8 24. Rc1 Rxc1+ 25. Qxc1 f6 26. Qc3 Bd6 27. Bf1 Qc7 28. Qxc7 Bxc7 29. Bb5 Kf8 30. Kf1 Ke7 31. Ke2 Kd6 32. Bd3 h6 33. Bb5 Bc8 34. h4 a6 35. Bd3 Ke6 36. f4 Kf7 37. Kf3 f5 38. Ke2 h5 39. Kd2 g6 40. Kc3 Ke6 41. a4 Bb7 42. Bg7 Bd6 1/2-1/2

[Event "Chester e2e4 op-B"]
[Site "Chester"]
[Date "2013.01.20"]
[Round "4"]
[White "Potter, Steven"]
[Black "Lavelle, Terry WT"]
[Result "1/2-1/2"]
[WhiteElo "1882"]
[BlackElo "1547"]
[PlyCount "75"]
[EventDate "2013.01.18"]
[EventType "swiss"]
[EventRounds "7"]
[EventCountry "ENG"]
[SourceTitle "EXT 2015"]
[Source "ChessBase"]
[SourceDate "2014.11.20"]
[SourceVersion "1"]
[SourceVersionDate "2014.11.20"]
[SourceQuality "1"]

1. d4 d5 2. Bg5 g6 3. e3 Bg7 4. c3 Nf6 5. Bxf6 Bxf6 6. Bd3 b6 7. Nd2 Ba6 8. Qe2 Bxd3 9. Qxd3 Nd7 10. Ngf3 e6 11. a4 0-0 12. 0-0 c5 13. e4 dxe4 14. Nxe4 Bg7 15. dxc5 Nxc5 16. Nxc5 bxc5 17. Qe3 Qb6 18. Qe2 Rfd8 19. h4 Rd5 20. a5 Qc6 21. Ng5 Rad8 22. Qf3 Qc7 23. a6 Rd3 24. Qe4 Rd2 25. h5 Qe5 26. Qxe5 Bxe5 27. Nf3 Re2 28. Nxe5 Rxe5 29. h6 Kf8 30. Ra5 Red5 31. Rb5 Ke7 32. f4 c4 33. Rb7+ R8d7 34. Ra1 Rxb7 35. axb7 Rb5 36. Rxa7 Kf6 37. g4 Rxb2 38. g5+ 1/2-1/2

[Event "BCF-chT3S 1213 (4NCL)"]
[Site "England"]
[Date "2013.01.13"]
[Round "4.219"]
[White "Lavelle, Terry WT"]
[Black "Lewicki, Pawel"]
[Result "1/2-1/2"]
[WhiteElo "1547"]
[BlackElo "1934"]
[PlyCount "120"]
[EventDate "2012.11.03"]
[EventType "team-swiss"]
[EventRounds "6"]
[EventCountry "ENG"]
[SourceTitle "EXT 2014"]
[Source "ChessBase"]
[SourceDate "2013.11.20"]
[SourceVersion "1"]
[SourceVersionDate "2013.11.20"]
[SourceQuality "1"]
[WhiteTeam "e2e4.org.uk IV"]
[BlackTeam "British Universities CA"]
[WhiteTeamCountry "ENG"]
[BlackTeamCountry "ENG"]

1. e4 e6 2. Qe2 c5 3. g3 Nc6 4. Nf3 Bd6 5. Bg2 Nge7 6. d3 b6 7. 0-0 Ba6 8. b3 h6 9. Bb2 0-0 10. Re1 Ng6 11. Qd2 Qc7 12. Nc3 Rad8 13. a4 f5 14. Nb5 Bxb5 15. axb5 Nce5 16. Nxe5 Bxe5 17. Bxe5 Nxe5 18. f4 Nf7 19. exf5 exf5 20. Re7 Qd6 21. Rae1 Qd4+ 22. Kh1 Nd6 23. c3 Qf6 24. Bd5+ Kh8 25. c4 Qd4 26. Qe2 Nxb5 27. Qe5 Qxe5 28. R7xe5 Nd4 29. Ra1 a5 30. Rb1 Rfe8 31. Rbe1 Rxe5 32. Rxe5 Nxb3 33. Rxf5 a4 34. Re5 a3 35. Re2 Nc1 36. Rc2 Nxd3 37. Ra2 Nb4 38. Rxa3 Nxd5 39. cxd5 Kg8 40. Ra7 c4 41. Rc7 b5 42. Rb7 Kf7 43. Rxb5 Rc8 44. Rb1 Ke7 45. Kg2 Kd6 46. Kf3 Kxd5 47. Rd1+ Kc6 48. Ke4 Rd8 49. Kd4 d5 50. Re1 Rd6 51. Re2 h5 52. h4 Rg6 53. Re3 Rd6 54. Re2 g6 55. Re3 Rf6 56. Re8 Rf5 57. Re6+ Kb5 58. Rxg6 c3 59. Kxc3 Kc5 60. Kd3 Rf7 1/2-1/2